书目信息 |
| 题名: |
职场人际关系22条法则
|
|
| 作者: | 刘德荣 编著 | |
| 分册: | ||
| 出版信息: | 郑州 河南人民出版社 2010.07 |
|
| 页数: | 269页 | |
| 开本: | 24cm | |
| 丛书名: | ||
| 单 册: | ||
| 中图分类: | C912.1 | |
| 科图分类: | ||
| 主题词: | 人际关系学--ren ji guan xi xue--通俗读物 | |
| 电子资源: | ||
| ISBN: | 978-7-215-07238-1 | |
| 000 | 00886nam0 2200229 450 | |
| 001 | 012010841688 | |
| 005 | 20101106141927.37 | |
| 010 | @a978-7-215-07238-1@dCNY32.00 | |
| 100 | @a20101104d2010 em y0chiy0120 ea | |
| 101 | 0 | @achi |
| 102 | @aCN@b410000 | |
| 105 | @ay z 000yy | |
| 106 | @ar | |
| 200 | 1 | @a职场人际关系22条法则@Azhi chang ren ji guan xi 22 tiao fa ze@f刘德荣编著@Fliu de rong bian zhu |
| 210 | @a郑州@c河南人民出版社@d2010.07 | |
| 215 | @a269页@d24cm | |
| 330 | @a本书讲述的是: 在职场,没有良好的人际关系,想有一个好心情,那是不可能的;想要有升职的机会,那更是一种奢望。想在场中游刃有余,就要知道怎么样处理好人际关系,本书的22条法则人际关系将让读者成为处理人际关系的高手。 | |
| 606 | 0 | @a人际关系学@Aren ji guan xi xue@j通俗读物 |
| 690 | @aC912.1@v4 | |
| 701 | 0 | @a刘德荣@Aliu de rong@4编著 |
| 801 | 0 | @aCN@bQSSK@c20101106 |
| 905 | @b786976-78@dC912.1@eL605@f3 | |
| 职场人际关系22条法则/刘德荣编著.-郑州:河南人民出版社,2010.07 |
| 269页;24cm |
| ISBN 978-7-215-07238-1:CNY32.00 |
| 本书讲述的是: 在职场,没有良好的人际关系,想有一个好心情,那是不可能的;想要有升职的机会,那更是一种奢望。想在场中游刃有余,就要知道怎么样处理好人际关系,本书的22条法则人际关系将让读者成为处理人际关系的高手。 |
| ● |
| 相关链接 |
|
|
|
正题名:职场人际关系22条法则
索取号:C912.1/L605
 
预约/预借
| 序号 | 登录号 | 条形码 | 馆藏地/架位号 | 状态 | 备注 |
| 1 | 786976 | 207869760 | 社科库509/509社科库 57排2列2层/ [索取号:C912.1/L605] | 在馆 | |
| 2 | 786977 | 207869779 | 社科库509/509社科库 57排2列2层/ [索取号:C912.1/L605] | 在馆 | |
| 3 | 786978 | 207869788 | 社科库509/509社科库 57排2列2层/ [索取号:C912.1/L605] | 在馆 |